000 00387pab a2200157 454500
008 180718b2008 xxu||||| |||| 00| 0 eng d
100 _aGiri, Ananta Kumar
245 _aCivil society and the calling of self-development
260 _c2008
300 _ap.255-73.
362 _aMay-Aug
650 _aCivil society
773 _aSociological Bulletin
908 _aN
909 _a80655
999 _c80655
_d80655